| 000 | 00507nam a2200169 a 4500 | ||
|---|---|---|---|
| 001 | 1751 | ||
| 003 | CDMR | ||
| 005 | 20130315103446.0 | ||
| 008 | 130130s1998||||||||||||||||||||||||||||d | ||
| 020 | _a8483005689 | ||
| 040 |
_aCDMR _bcat _cCPC GIRONA |
||
| 100 | 1 |
_aAlberch i Fugueras, Ramón _91068 |
|
| 245 | 1 | 0 |
_aJoaquim Botet i Sisó _b: del catalanisme al nacionalisme _cRamon Alberch i Fugueras, Josep Quer i Carbonell |
| 260 |
_c1998 _bColumna _aBarcelona |
||
| 490 | 0 |
_aColumna Assaig _v16 |
|
| 942 |
_cMON _2udc |
||
| 999 |
_c1751 _d1751 |
||